[Event "Sofia Spring op 1st"]
[Site "Sofia"]
[Date "2025.05.29"]
[Round "9"]
[White "Gkavardinas, Antonios"]
[Black "Javadov, Habil"]
[Result "1/2-1/2"]
[WhiteElo "2313"]
[BlackElo "2201"]
[PlyCount "87"]
[EventDate "2025.05.23"]
[EventType "swiss"]
[EventRounds "9"]
[EventCountry "BUL"]
[SourceTitle "CB23_2025"]
[SourceDate "2025.06.04"]
[SourceVersion "1"]
[SourceVersionDate "2025.06.04"]
[SourceQuality "1"]

1. e4 e6 2. d4 d5 3. e5 c5 4. c3 Nc6 5. Nf3 Bd7 6. Be2 Nge7 7. Na3 Nf5 8. Nc2 cxd4 9. cxd4 Be7 10. 0-0 0-0 11. Kh1 Rc8 12. g4 Nh4 13. Nxh4 Bxh4 14. f4 f6 15. Be3 fxe5 16. dxe5 Be7 17. Rc1 a6 18. Nd4 Nxd4 19. Rxc8 Qxc8 20. Qxd4 Bb5 21. Bxb5 axb5 22. Rc1 Qd7 23. b3 Rc8 24. Rxc8+ Qxc8 25. Qd3 Qc6 26. Kg1 g6 27. Bd2 Bc5+ 28. Kg2 Ba7 29. Be1 Qc5 30. Bg3 Qg1+ 31. Kh3 Bf2 32. Qxb5 Bxg3 33. Qe8+ Kg7 34. Qe7+ Kg8 35. Qxe6+ Kg7 36. Qd7+ Kf8 37. Qc8+ Kg7 38. Qxb7+ Kf8 39. Qc8+ Ke7 40. Qc2 Be1 41. Qc7+ Kf8 42. Qd8+ Kg7 43. Qd7+ Kf8 44. Qd8+ 1/2-1/2

[Event "Sofia Spring op 1st"]
[Site "Sofia"]
[Date "2025.05.28"]
[Round "8"]
[White "Javadov, Habil"]
[Black "Velikov, Nikola"]
[Result "1-0"]
[WhiteElo "2201"]
[BlackElo "1872"]
[PlyCount "81"]
[EventDate "2025.05.23"]
[EventType "swiss"]
[EventRounds "9"]
[EventCountry "BUL"]
[SourceTitle "CB23_2025"]
[SourceDate "2025.06.04"]
[SourceVersion "1"]
[SourceVersionDate "2025.06.04"]
[SourceQuality "1"]

1. d4 Nf6 2. Nf3 g6 3. Bf4 Bg7 4. e3 0-0 5. Be2 d6 6. h3 Nbd7 7. 0-0 b6 8. c4 Bb7 9. Nc3 Re8 10. Rc1 e5 11. Bh2 Ne4 12. Nxe4 Bxe4 13. Nd2 Bb7 14. Bf3 Bxf3 15. Nxf3 exd4 16. exd4 a5 17. b3 Nf6 18. a3 Ne4 19. Re1 f5 20. b4 axb4 21. axb4 c5 22. Qb3 Kh8 23. dxc5 dxc5 24. bxc5 bxc5 25. Rcd1 Qa5 26. Qb7 Rad8 27. Bc7 Qa8 28. Rxd8 Rxd8 29. Qb5 Rc8 30. Bf4 h6 31. Be5 Re8 32. Bxg7+ Kxg7 33. Qd7+ Kf6 34. Rb1 Re6 35. Rb7 Qf8 36. Qd1 Qa8 37. Qd7 Qf8 38. Qa4 g5 39. Qa1+ Kg6 40. Ne5+ Kh5 41. Qd1+ 1-0

[Event "Dubrovnik Advent op"]
[Site "Dubrovnik"]
[Date "2024.12.05"]
[Round "1"]
[White "Javadov, Habil"]
[Black "Cani, Erdi"]
[Result "1-0"]
[WhiteElo "2190"]
[BlackElo "1714"]
[PlyCount "69"]
[EventDate "2024.12.05"]
[EventType "swiss"]
[EventRounds "7"]
[EventCountry "CRO"]
[SourceTitle "CB50_2024"]
[SourceDate "2024.11.01"]
[SourceVersion "1"]
[SourceVersionDate "2024.11.01"]
[SourceQuality "2"]

1. d4 Nf6 2. Nf3 d5 3. Bf4 e6 4. e3 c5 5. c3 Be7 6. Ne5 0-0 7. Nd2 Nc6 8. Bd3 Qb6 9. Rb1 Bd7 10. Bg5 Rfd8 11. Bxf6 Bxf6 12. Bxh7+ Kf8 13. Nxc6 Bxc6 14. Bd3 Bb5 15. Qe2 Bxd3 16. Qxd3 Rac8 17. 0-0 Ke7 18. a3 Rh8 19. Rfe1 Qc7 20. h3 Rh4 21. dxc5 Qxc5 22. e4 Rf4 23. Re2 Rd8 24. e5 Bg5 25. Nf3 Bh6 26. Nd4 Rh4 27. Qf3 Rf4 28. Qd3 Rh4 29. Kh2 Rh8 30. g3 Rh5 31. Kg2 Rg5 32. f4 Rg6 33. f5 Rg5 34. fxe6 fxe6 35. Rf1 1-0

[Event "Belgrade Trophy 37th"]
[Site "Belgrade"]
[Date "2024.11.30"]
[Round "8"]
[White "Javadov, Habil"]
[Black "Vasilyev, Bulat"]
[Result "1-0"]
[WhiteElo "2190"]
[BlackElo "1824"]
[PlyCount "75"]
[EventDate "2024.11.23"]
[EventType "swiss"]
[EventRounds "9"]
[EventCountry "SRB"]
[SourceTitle "CB49_2024"]
[SourceDate "2024.12.04"]
[SourceVersion "1"]
[SourceVersionDate "2024.12.04"]
[SourceQuality "1"]

1. d4 d5 2. c4 e6 3. Nc3 Nf6 4. cxd5 exd5 5. Bg5 c6 6. e3 h6 7. Bh4 Be7 8. Bd3 Ne4 9. Bxe7 Qxe7 10. Nge2 0-0 11. Qc2 f5 12. 0-0 Nd7 13. Rae1 Ndf6 14. f3 Nd6 15. Ng3 Qd7 16. Na4 g6 17. Nc5 Qd8 18. e4 dxe4 19. fxe4 fxe4 20. Ncxe4 Ndxe4 21. Bxe4 Qxd4+ 22. Kh1 Nxe4 23. Rxf8+ Kxf8 24. Rxe4 Qf6 25. Qd2 Kg7 26. Re8 Kf7 27. Rd8 h5 28. h3 b6 29. Ne4 Qf1+ 30. Kh2 Bxh3 31. Rxa8 Bg4 32. Ng5+ Kg7 33. Rxa7+ Kg8 34. Qd8+ Qf8 35. Qc7 Bd7 36. Qxd7 Qf4+ 37. Kh3 Qe3+ 38. Nf3 1-0

[Event "Belgrade Trophy 37th"]
[Site "Belgrade"]
[Date "2024.11.29"]
[Round "7"]
[White "Veleski, Robert"]
[Black "Javadov, Habil"]
[Result "1/2-1/2"]
[WhiteElo "2093"]
[BlackElo "2190"]
[PlyCount "44"]
[EventDate "2024.11.23"]
[EventType "swiss"]
[EventRounds "9"]
[EventCountry "SRB"]
[SourceTitle "CB49_2024"]
[SourceDate "2024.12.04"]
[SourceVersion "1"]
[SourceVersionDate "2024.12.04"]
[SourceQuality "1"]

1. d4 e6 2. Nf3 d5 3. c4 Nf6 4. g3 Be7 5. Bg2 0-0 6. 0-0 c6 7. Nc3 b6 8. Ne5 Ba6 9. cxd5 cxd5 10. Bf4 Nfd7 11. Rc1 Nxe5 12. Bxe5 Nd7 13. Qa4 Bb7 14. Bc7 Qe8 15. Nb5 Nf6 16. Qb3 Bc6 17. a4 Qd7 18. Bf4 Rac8 19. Nc3 Nh5 20. Bd2 Nf6 21. Rc2 Nh5 22. Bf4 f6 1/2-1/2

[Event "Belgrade Trophy 37th"]
[Site "Belgrade"]
[Date "2024.11.27"]
[Round "5"]
[White "Bajkic, Strahinja"]
[Black "Javadov, Habil"]
[Result "0-1"]
[WhiteElo "1923"]
[BlackElo "2190"]
[PlyCount "148"]
[EventDate "2024.11.23"]
[EventType "swiss"]
[EventRounds "9"]
[EventCountry "SRB"]
[SourceTitle "CB49_2024"]
[SourceDate "2024.12.04"]
[SourceVersion "1"]
[SourceVersionDate "2024.12.04"]
[SourceQuality "1"]

1. e4 e6 2. d4 d5 3. Nc3 dxe4 4. Nxe4 Nd7 5. Nf3 Ngf6 6. Nxf6+ Nxf6 7. Bd3 c5 8. Be3 cxd4 9. Bxd4 Be7 10. c3 Bd7 11. Ne5 Bc6 12. Nxc6 bxc6 13. 0-0 Qc7 14. Re1 0-0 15. h3 Rad8 16. Qc2 h6 17. Rad1 c5 18. Be5 Qb6 19. b3 Nd7 20. Bg3 Nf6 21. Be5 Qb7 22. Be2 Nd7 23. Bf3 Qc8 24. Bg3 Nb6 25. c4 Bf6 26. Rxd8 Rxd8 27. Be5 Bxe5 28. Rxe5 Qc7 29. Re1 Rd4 30. Rd1 Qd6 31. Rxd4 Qxd4 32. Qd1 Qxd1+ 33. Bxd1 Kf8 34. Kf1 Ke7 35. Ke2 Kd6 36. Kd3 Ke5 37. a3 a5 38. Bh5 g6 39. Bd1 f5 40. Kc3 Nd7 41. Kd3 Kd6 42. Be2 e5 43. Ke3 Nf8 44. Kd3 Ne6 45. Kc3 e4 46. Kb2 Ke5 47. Kc3 Nd4 48. Bd1 f4 49. Kd2 Nf5 50. Kc3 e3 51. fxe3 fxe3 52. Kd3 Kf4 53. Bg4 Ng3 54. Bf3 h5 55. b4 cxb4 56. axb4 axb4 57. c5 Nf5 58. Kc4 Kg3 59. Kxb4 Kf2 60. c6 Ne7 61. Kc5 e2 62. Bxe2 Kxe2 63. c7 Kf2 64. g4 hxg4 65. hxg4 Kf3 66. Kd6 Nc8+ 67. Ke5 Kxg4 68. Ke4 Kh3 69. Ke3 g5 70. Ke2 Kg3 71. Ke1 Kg2 72. Ke2 g4 73. Ke1 Kh2 74. Kf1 g3 0-1

[Event "Belgrade Trophy 37th"]
[Site "Belgrade"]
[Date "2024.11.26"]
[Round "4"]
[White "Javadov, Habil"]
[Black "Milicevic, Aleksa"]
[Result "0-1"]
[WhiteElo "2190"]
[BlackElo "1982"]
[PlyCount "104"]
[EventDate "2024.11.23"]
[EventType "swiss"]
[EventRounds "9"]
[EventCountry "SRB"]
[SourceTitle "CB49_2024"]
[SourceDate "2024.12.04"]
[SourceVersion "1"]
[SourceVersionDate "2024.12.04"]
[SourceQuality "1"]

1. d4 d6 2. Nf3 Nf6 3. Bf4 Bg4 4. Nbd2 c6 5. h3 Bxf3 6. Nxf3 Qb6 7. Qb1 Nbd7 8. c3 e6 9. e3 Be7 10. Bd3 h6 11. g4 c5 12. Rg1 g5 13. Bg3 cxd4 14. exd4 Nd5 15. Qc2 a6 16. Qe2 Qa5 17. Kf1 Qc7 18. Kg2 Nf4+ 19. Bxf4 gxf4 20. Rae1 0-0-0 21. Kf1 Kb8 22. h4 e5 23. g5 hxg5 24. hxg5 Rhg8 25. Bf5 f6 26. g6 Rg7 27. Rh1 Nf8 28. Nh4 Re8 29. d5 Qc5 30. Be4 f5 31. Nxf5 Rxg6 32. Nxe7 Rxe7 33. Bxg6 Nxg6 34. Qe4 Nf8 35. Rh8 Rf7 36. Rh3 Ka7 37. a3 Nd7 38. b4 Qc8 39. Rf3 Nf6 40. Qd3 Ng4 41. Rh3 f3 42. Rg3 Qh8 43. Rxf3 Nh2+ 44. Ke2 Nxf3 45. Qg6 Rf6 46. Rh1 Qf8 47. Qg4 Rf4 48. Qd7 Ng5 49. Rh2 Ne4 50. Rh7 Rxf2+ 51. Ke1 Rf1+ 52. Ke2 Qf3# 0-1

[Event "BIH-chT 1A 31st"]
[Site "Tuzla"]
[Date "2024.08.24"]
[Round "8.2"]
[White "Javadov, Habil"]
[Black "Cunjalo, Faris"]
[Result "1/2-1/2"]
[WhiteElo "2199"]
[BlackElo "2204"]
[PlyCount "26"]
[EventDate "2024.08.20"]
[EventType "team-tourn"]
[EventRounds "9"]
[EventCountry "BIH"]
[SourceTitle "CBM 221 Extra"]
[Source "ChessBase"]
[SourceDate "2024.09.30"]
[SourceVersion "1"]
[SourceVersionDate "2024.09.30"]
[SourceQuality "1"]
[WhiteTeam "Sarajevo Alpong"]
[BlackTeam "Zenica Celik"]
[WhiteTeamCountry "BIH"]
[BlackTeamCountry "BIH"]

1. d4 d5 2. Bf4 Nf6 3. e3 c5 4. c3 Nc6 5. Nd2 cxd4 6. cxd4 Bf5 7. Ngf3 e6 8. Qb3 Qc8 9. Be2 Be7 10. 0-0 0-0 11. Ne5 Nxe5 12. Bxe5 a6 13. a4 Ne4 1/2-1/2

[Event "BIH-chT 1A 31st"]
[Site "Tuzla"]
[Date "2024.08.24"]
[Round "7.2"]
[White "Mrndjic, Muamer"]
[Black "Javadov, Habil"]
[Result "0-1"]
[WhiteElo "2227"]
[BlackElo "2199"]
[PlyCount "76"]
[EventDate "2024.08.20"]
[EventType "team-tourn"]
[EventRounds "9"]
[EventCountry "BIH"]
[SourceTitle "CBM 221 Extra"]
[Source "ChessBase"]
[SourceDate "2024.09.30"]
[SourceVersion "1"]
[SourceVersionDate "2024.09.30"]
[SourceQuality "1"]
[WhiteTeam "Zenica Preporod"]
[BlackTeam "Sarajevo Alpong"]
[WhiteTeamCountry "BIH"]
[BlackTeamCountry "BIH"]

1. d4 e6 2. Nf3 d5 3. c4 Nf6 4. g3 Be7 5. Bg2 0-0 6. 0-0 c6 7. Qc2 b6 8. Nbd2 Bb7 9. Rd1 Na6 10. a3 c5 11. e3 Rc8 12. b3 Qc7 13. Bb2 Qb8 14. Rac1 Qa8 15. Qb1 Rfd8 16. Ne5 dxc4 17. Bxb7 Qxb7 18. bxc4 Nb8 19. dxc5 Bxc5 20. Ndf3 Nc6 21. Nxc6 Rxd1+ 22. Rxd1 Qxc6 23. Ne5 Qc7 24. Qd3 Be7 25. a4 Rd8 26. Qe2 Nd7 27. Nxd7 Rxd7 28. Rxd7 Qxd7 29. Qc2 h5 30. h4 Qc6 31. Qb3 Qe4 32. Qb5 Qb1+ 33. Kh2 Bf8 34. Be5 Qf1 35. Bb8 Qxf2+ 36. Kh3 Bc5 37. a5 Qf1+ 38. Kh2 Bxe3 0-1

[Event "BIH-chT 1A 31st"]
[Site "Tuzla"]
[Date "2024.08.21"]
[Round "3.2"]
[White "Javadov, Habil"]
[Black "Sajin, Mirko"]
[Result "1/2-1/2"]
[WhiteElo "2199"]
[BlackElo "2297"]
[PlyCount "62"]
[EventDate "2024.08.20"]
[EventType "team-tourn"]
[EventRounds "9"]
[EventCountry "BIH"]
[SourceTitle "CBM 221 Extra"]
[Source "ChessBase"]
[SourceDate "2024.09.30"]
[SourceVersion "1"]
[SourceVersionDate "2024.09.30"]
[SourceQuality "1"]
[WhiteTeam "Sarajevo Alpong"]
[BlackTeam "Doboj Istok"]
[WhiteTeamCountry "BIH"]
[BlackTeamCountry "BIH"]

1. d4 Nf6 2. Nf3 g6 3. Bf4 Bg7 4. e3 0-0 5. Be2 d6 6. h3 c5 7. c3 cxd4 8. cxd4 b6 9. Nc3 Bb7 10. 0-0 Nc6 11. d5 Nb4 12. e4 Na6 13. Re1 Nc7 14. Bc4 Rc8 15. Qe2 Nd7 16. e5 dxe5 17. Nxe5 Nxe5 18. Bxe5 Bxe5 19. Qxe5 b5 20. Nxb5 Nxb5 21. Bxb5 Rc5 22. a4 e6 23. Rad1 Bxd5 24. b4 Rc8 25. Rc1 Qh4 26. Qb2 Rb8 27. Rb1 Rbc8 28. Rec1 Be4 29. Ra1 Qg5 30. Bf1 Bf5 31. Kh1 Rfd8 1/2-1/2

[Event "Plovdiv Vanev Memorial 4th"]
[Site "Plovdiv"]
[Date "2024.08.17"]
[Round "7"]
[White "Ondozi, Murtez"]
[Black "Javadov, Habil"]
[Result "1-0"]
[WhiteElo "2368"]
[BlackElo "2199"]
[PlyCount "41"]
[EventDate "2024.08.17"]
[EventType "swiss (rapid)"]
[EventRounds "9"]
[EventCountry "BUL"]
[SourceTitle "CBM 221 Extra"]
[Source "ChessBase"]
[SourceDate "2024.09.30"]
[SourceVersion "1"]
[SourceVersionDate "2024.09.30"]
[SourceQuality "1"]

1. d4 e6 2. c4 d5 3. Nf3 Nf6 4. Nc3 a6 5. cxd5 exd5 6. Bg5 c6 7. e3 Be6 8. Bd3 Nbd7 9. Qc2 Bd6 10. h3 Qc7 11. 0-0 h6 12. Bxf6 Nxf6 13. Rac1 0-0 14. Na4 Rac8 15. Nc5 Bxc5 16. Qxc5 Nd7 17. Qc3 c5 18. dxc5 Nxc5 19. b4 Nxd3 20. Qxc7 Rxc7 21. Rxc7 1-0

[Event "Plovdiv Tringov Memorial 46th"]
[Site "Plovdiv"]
[Date "2024.08.12"]
[Round "2"]
[White "Stoyanov, Daniel"]
[Black "Javadov, Habil"]
[Result "1-0"]
[WhiteElo "1938"]
[BlackElo "2199"]
[PlyCount "99"]
[EventDate "2024.08.11"]
[EventType "swiss"]
[EventRounds "9"]
[EventCountry "BUL"]
[SourceTitle "CBM 221 Extra"]
[Source "ChessBase"]
[SourceDate "2024.09.30"]
[SourceVersion "1"]
[SourceVersionDate "2024.09.30"]
[SourceQuality "1"]

1. d4 e6 2. c4 d5 3. Nc3 a6 4. cxd5 exd5 5. Nf3 Nf6 6. Bg5 Be6 7. Bxf6 Qxf6 8. Qb3 b5 9. a4 b4 10. Nxd5 Qd8 11. e4 c6 12. Qe3 cxd5 13. exd5 Qxd5 14. Rc1 Be7 15. Bd3 Qb7 16. Be4 Qa7 17. Qf4 Bd8 18. d5 Bd7 19. Qe5+ Kf8 20. Qd6+ Be7 21. Qf4 Qb6 22. d6 Bxd6 23. Qd2 b3 24. a5 Qb4 25. Bxa8 Qxd2+ 26. Nxd2 Bb4 27. Ke2 g6 28. Nxb3 Kg7 29. Bd5 Re8+ 30. Kf3 Re5 31. Rhd1 h5 32. h3 g5 33. g4 hxg4+ 34. hxg4 Bb5 35. Be4 Nd7 36. Nd4 Nc5 37. Nxb5 Nxe4 38. Nd4 Nd2+ 39. Kg2 Re4 40. Nf5+ Kg6 41. Rc6+ f6 42. Kg3 Rf4 43. Rxd2 Bxd2 44. Rc7 Rxf5 45. gxf5+ Kxf5 46. Rc6 Bf4+ 47. Kf3 g4+ 48. Ke2 Be5 49. b4 Ke4 50. Rxa6 1-0

[Event "Baku op"]
[Site "Baku"]
[Date "2024.07.04"]
[Round "6"]
[White "Javadov, Habil"]
[Black "Raahul, VS."]
[Result "1/2-1/2"]
[WhiteElo "2195"]
[BlackElo "2314"]
[PlyCount "100"]
[EventDate "2024.06.29"]
[EventType "swiss"]
[EventRounds "9"]
[EventCountry "AZE"]
[SourceTitle "CBM 221 Extra"]
[Source "ChessBase"]
[SourceDate "2024.09.30"]
[SourceVersion "1"]
[SourceVersionDate "2024.09.30"]
[SourceQuality "1"]

1. d4 Nf6 2. Nf3 d5 3. Bf4 c5 4. e3 Nc6 5. c3 Qb6 6. Qc2 g6 7. Nbd2 Bg7 8. h3 0-0 9. Be2 Bd7 10. 0-0 Rfc8 11. Qb3 c4 12. Qxb6 axb6 13. a3 Ra5 14. Rfe1 Nh5 15. Bh2 f5 16. Rad1 Nf6 17. Ne5 Na7 18. f3 Ba4 19. Rb1 Nd7 20. Nxd7 Bxd7 21. Bd1 Re8 22. e4 e5 23. Bxe5 Bxe5 24. dxe5 Rxe5 25. Bc2 fxe4 26. fxe4 Ba4 27. Bxa4 Rxa4 28. exd5 Rxd5 29. Ne4 Kg7 30. Rbd1 Raa5 31. Nd6 Rxd1 32. Rxd1 Rc5 33. Nxb7 Rc7 34. Nd6 Kf8 35. a4 Ke7 36. Rd4 Nc6 37. Nb5 Nxd4 38. Nxc7 Ne2+ 39. Kf1 Nf4 40. g3 Nd3 41. Nd5+ Kd6 42. Nxb6 Nxb2 43. Ke2 Kc6 44. a5 Kb5 45. Nd7 Kxa5 46. Kd2 Ka4 47. Kc2 Nd3 48. Nf8 Nf2 49. h4 h5 50. Nxg6 Ne4 1/2-1/2

[Event "Baku op"]
[Site "Baku"]
[Date "2024.07.03"]
[Round "5"]
[White "Vantika, Agrawal"]
[Black "Javadov, Habil"]
[Result "1-0"]
[WhiteElo "2390"]
[BlackElo "2195"]
[PlyCount "53"]
[EventDate "2024.06.29"]
[EventType "swiss"]
[EventRounds "9"]
[EventCountry "AZE"]
[SourceTitle "CBM 221 Extra"]
[Source "ChessBase"]
[SourceDate "2024.09.30"]
[SourceVersion "1"]
[SourceVersionDate "2024.09.30"]
[SourceQuality "1"]

1. d4 d5 2. c4 e6 3. Nf3 Nf6 4. g3 Be7 5. Bg2 0-0 6. 0-0 c6 7. Nc3 b6 8. Ne5 Bb7 9. e4 dxc4 10. Nxc4 b5 11. Ne3 Nbd7 12. Qc2 Rc8 13. Rd1 Qb6 14. b3 Rfd8 15. Bb2 Nf8 16. Rac1 c5 17. d5 exd5 18. e5 Ne8 19. Ncxd5 Qe6 20. Nxe7+ Qxe7 21. Rxd8 Rxd8 22. Qxc5 Qd7 23. Rd1 Qxd1+ 24. Nxd1 Rxd1+ 25. Bf1 a6 26. f4 Ne6 27. Qe7 1-0

[Event "Baku op"]
[Site "Baku"]
[Date "2024.07.01"]
[Round "3"]
[White "Abasov, Nijat Azad"]
[Black "Javadov, Habil"]
[Result "1-0"]
[WhiteElo "2621"]
[BlackElo "2195"]
[PlyCount "41"]
[EventDate "2024.06.29"]
[EventType "swiss"]
[EventRounds "9"]
[EventCountry "AZE"]
[SourceTitle "CBM 221 Extra"]
[Source "ChessBase"]
[SourceDate "2024.09.30"]
[SourceVersion "1"]
[SourceVersionDate "2024.09.30"]
[SourceQuality "1"]

1. e4 e6 2. d4 d5 3. Nc3 dxe4 4. Nxe4 Nd7 5. Nf3 Ngf6 6. Nxf6+ Nxf6 7. Be3 Nd5 8. Bd2 c5 9. Bb5+ Bd7 10. Bxd7+ Qxd7 11. c4 Nc7 12. 0-0 Be7 13. dxc5 Bxc5 14. Ne5 Qd4 15. Qe2 0-0 16. Bc3 Qd8 17. Rad1 Qc8 18. Nd7 Nd5 19. Bxg7 Kxg7 20. Qg4+ Kh8 21. Nxf8 1-0

[Event "Titled Tuesday intern op 04th Jun Early"]
[Site "Chess.com INT"]
[Date "2024.06.04"]
[Round "2"]
[White "Javadov, Habil"]
[Black "Essing, Arnold"]
[Result "1-0"]
[WhiteElo "2195"]
[BlackElo "2230"]
[PlyCount "69"]
[EventDate "2024.06.04"]
[EventType "swiss (blitz)"]
[EventRounds "11"]
[EventCountry "USA"]
[SourceTitle "EXT 2025"]
[Source "ChessBase"]
[SourceDate "2024.10.14"]
[SourceVersion "1"]
[SourceVersionDate "2024.10.14"]
[SourceQuality "1"]

1. d4 d5 2. Nf3 e6 3. Bf4 Bd6 4. Bg3 Nf6 5. e3 0-0 6. Nbd2 c5 7. c3 b6 8. Bd3 Nc6 9. Qe2 Bb7 10. dxc5 bxc5 11. e4 Be7 12. e5 Nd7 13. h4 h6 14. Bf4 d4 15. h5 dxc3 16. bxc3 c4 17. Nxc4 Nc5 18. Nd6 Bxd6 19. exd6 e5 20. Bg3 Nxd3+ 21. Qxd3 e4 22. Qb5 exf3 23. Qxb7 fxg2 24. Rg1 Re8+ 25. Kd1 Ne5 26. Qd5 Nd7 27. Rxg2 Qf6 28. Kd2 Rac8 29. Rc1 Rc5 30. Qd4 Qe6 31. c4 Rec8 32. Bf4 f6 33. Bxh6 Rxc4 34. Rxg7+ Kh8 35. Qd3 1-0

[Event "Titled Tuesday intern op 04th Jun Early"]
[Site "Chess.com INT"]
[Date "2024.06.04"]
[Round "1"]
[White "Stojanovski, Sandi"]
[Black "Javadov, Habil"]
[Result "0-1"]
[WhiteElo "2169"]
[BlackElo "2195"]
[PlyCount "120"]
[EventDate "2024.06.04"]
[EventType "swiss (blitz)"]
[EventRounds "11"]
[EventCountry "USA"]
[SourceTitle "EXT 2025"]
[Source "ChessBase"]
[SourceDate "2024.10.14"]
[SourceVersion "1"]
[SourceVersionDate "2024.10.14"]
[SourceQuality "1"]

1. d3 d5 2. Nf3 Nf6 3. g3 e6 4. Bg2 Be7 5. 0-0 c5 6. c4 Nc6 7. Bf4 0-0 8. Ne5 Nxe5 9. Bxe5 b6 10. Nc3 Bb7 11. d4 Rc8 12. cxd5 Nxd5 13. Nxd5 Bxd5 14. dxc5 Bxg2 15. Kxg2 Rxc5 16. Bc3 Qa8+ 17. Kg1 Rd8 18. Qa4 Rcd5 19. Rad1 Rxd1 20. Rxd1 Rxd1+ 21. Qxd1 Qb7 22. a4 h5 23. Qd4 Bf6 24. Qc4 Bxc3 25. bxc3 g6 26. h4 Qd7 27. e4 Qb7 28. Qd4 Qc7 29. Kg2 Qc6 30. Kh2 Qc7 31. Kg2 a6 32. Kh2 b5 33. axb5 axb5 34. Kg2 Qc6 35. Kh2 Qa6 36. Kg2 Qa4 37. Qe5 Qc4 38. Kg1 Qd3 39. Kg2 Qe2 40. Kg1 Qb2 41. Qd4 Qa1+ 42. Kg2 Qa4 43. Qe5 Qc4 44. Kg1 Kh7 45. Kg2 b4 46. cxb4 Qxb4 47. Kg1 Kg8 48. Kg2 Qe1 49. Qf4 Qe2 50. Qe5 Qc4 51. Qf4 Qc5 52. Qf3 Qe5 53. Qe3 Qc7 54. Qf4 Qc6 55. Qf3 Qb7 56. Kh2 f5 57. Kg2 fxe4 58. Qe3 Qd5 59. Kh2 Qf5 60. Kg1 Kg7 0-1

[Event "Titled Tuesday intern op 28th May Early"]
[Site "Chess.com INT"]
[Date "2024.05.28"]
[Round "3"]
[White "Nechitailo, Nikita"]
[Black "Javadov, Habil"]
[Result "1-0"]
[WhiteElo "2212"]
[BlackElo "2195"]
[PlyCount "85"]
[EventDate "2024.05.28"]
[EventType "swiss (blitz)"]
[EventRounds "11"]
[EventCountry "USA"]
[SourceTitle "EXT 2025"]
[Source "ChessBase"]
[SourceDate "2024.10.14"]
[SourceVersion "1"]
[SourceVersionDate "2024.10.14"]
[SourceQuality "1"]

1. d4 e6 2. c4 d5 3. Nc3 a6 4. cxd5 exd5 5. Nf3 Nf6 6. Bg5 Be6 7. e3 Nbd7 8. Bd3 Bd6 9. 0-0 c6 10. Re1 0-0 11. Qc2 Qc7 12. Rab1 h6 13. Bh4 Rac8 14. b4 Rfe8 15. h3 g5 16. Bg3 Bxg3 17. fxg3 Qxg3 18. Ne2 Qd6 19. Rf1 Kg7 20. Qc3 Rc7 21. h4 g4 22. Ne5 Qe7 23. Nf4 Nf8 24. Bc2 Bc8 25. Qd3 Qd6 26. a4 Rce7 27. b5 axb5 28. axb5 c5 29. Qc3 b6 30. Rbe1 Bb7 31. h5 Bc8 32. Rd1 Bb7 33. Rde1 cxd4 34. exd4 Rc7 35. Qd3 Rec8 36. Bb1 Rc3 37. Qf5 Rg3 38. Nxf7 Kxf7 39. Ng6 Ne6 40. Qxf6+ Kg8 41. Rxe6 Rxg2+ 42. Kxg2 Rc2+ 43. Bxc2 1-0

[Event "Titled Tuesday intern op 28th May Late"]
[Site "Chess.com INT"]
[Date "2024.05.28"]
[Round "5"]
[White "Poddubnyi, Viktor"]
[Black "Javadov, Habil"]
[Result "1-0"]
[WhiteElo "2304"]
[BlackElo "2195"]
[PlyCount "81"]
[EventDate "2024.05.28"]
[EventType "swiss (blitz)"]
[EventRounds "11"]
[EventCountry "USA"]
[SourceTitle "EXT 2025"]
[Source "ChessBase"]
[SourceDate "2024.10.14"]
[SourceVersion "1"]
[SourceVersionDate "2024.10.14"]
[SourceQuality "1"]

1. e4 e6 2. d4 d5 3. Nd2 c5 4. exd5 Qxd5 5. Ngf3 cxd4 6. Bc4 Qd6 7. 0-0 Nf6 8. Nb3 Nc6 9. Nbxd4 Nxd4 10. Qxd4 Qxd4 11. Nxd4 a6 12. Be2 Be7 13. Bf3 e5 14. Nb3 e4 15. Be2 0-0 16. Rd1 Bd7 17. Bg5 Rad8 18. Rd2 Bc8 19. Rad1 Rxd2 20. Rxd2 Rd8 21. Rxd8+ Bxd8 22. Nc5 Be7 23. Nxe4 Nxe4 24. Bxe7 Be6 25. a3 f5 26. f3 Nf6 27. Bxf6 gxf6 28. f4 Kf7 29. Kf2 Ke7 30. Ke3 Kd6 31. Kd4 Bd5 32. Bf3 Bxf3 33. gxf3 Kc6 34. c4 a5 35. b4 axb4 36. axb4 b6 37. b5+ Kd6 38. c5+ bxc5+ 39. Kc4 h6 40. h3 h5 41. h4 1-0

[Event "Titled Tuesday intern op 14th May Late"]
[Site "Chess.com INT"]
[Date "2024.05.14"]
[Round "6"]
[White "Bacrot, Etienne"]
[Black "Javadov, Habil"]
[Result "1-0"]
[WhiteElo "2684"]
[BlackElo "2193"]
[PlyCount "109"]
[EventDate "2024.05.14"]
[EventType "swiss (blitz)"]
[EventRounds "11"]
[EventCountry "USA"]
[SourceTitle "CBM 220 Extra"]
[Source "ChessBase"]
[SourceDate "2024.07.31"]
[SourceVersion "1"]
[SourceVersionDate "2024.07.31"]
[SourceQuality "1"]

1. e4 e6 2. d4 d5 3. exd5 exd5 4. Bd3 Nc6 5. c3 Bd6 6. Ne2 Nf6 7. Bf4 0-0 8. Bxd6 Qxd6 9. h3 Re8 10. 0-0 Bd7 11. Nd2 Re7 12. Nf3 Rae8 13. Qc2 Ne4 14. Rae1 f5 15. Qc1 Bc8 16. Bb5 Bd7 17. Bd3 Bc8 18. Bb5 Bd7 19. Nf4 a6 20. Ba4 g6 21. Nxd5 Rf7 22. Nf4 Kg7 23. Bxc6 Bxc6 24. Ne5 Rfe7 25. f3 Ng3 26. Rf2 Rxe5 27. dxe5 Rxe5 28. Rxe5 Qxe5 29. Qd2 Bb5 30. Qd4 Kf6 31. Nd5+ Ke6 32. Qxe5+ Kxe5 33. Nxc7 Bc6 34. Rd2 f4 35. Kf2 Nf5 36. Na8 Ne3 37. Nb6 Ke6 38. b3 h5 39. c4 g5 40. a4 g4 41. hxg4 hxg4 42. fxg4 Nxg4+ 43. Kg1 Ne3 44. Nd5 Nxd5 45. cxd5+ Bxd5 46. b4 f3 47. g3 Ke5 48. Kf2 Be4 49. a5 Kf5 50. Ke3 Ke5 51. Rd4 Bc6 52. Rf4 Kd5 53. Rxf3 Kc4 54. Rf4+ Kb3 55. g4 1-0